| 000 | 00741cam a22002413a 4500 | ||
|---|---|---|---|
| 001 | 23646 | ||
| 003 | PGUSA | ||
| 005 | 20140828083514.0 | ||
| 008 | 071128s2007||||xxu|||||s|||||000 1 eng d | ||
| 040 |
_aPGUSA _beng |
||
| 042 | _adc | ||
| 050 | 4 | _aPG | |
| 100 | 1 |
_aPrus, Bolesław, _d1847-1912 |
|
| 245 | 1 | 4 |
_aThe Pharaoh and the Priest : _bAn Historical Novel of Ancient Egypt _h[electronic resource] / _cBolesław Prus |
| 260 |
_bProject Gutenberg, _c2007 |
||
| 506 | _aPublic domain in the USA. | ||
| 516 | _aElectronic text | ||
| 653 | _aEgypt -- History -- To 332 B.C. -- Fiction | ||
| 700 | 1 |
_aCurtin, Jeremiah, _d1835-1906 |
|
| 830 | 0 |
_aProject Gutenberg _v23646 |
|
| 856 | 4 | 0 | _uhttp://www.gutenberg.org/ebooks/23646 |
| 942 | _cEB | ||
| 999 |
_c252901 _d252901 |
||